Obras completas.
Salvato in:
| Autore principale: | |
|---|---|
| Natura: | Libro |
| Lingua: | inglese |
| Pubblicazione: |
Barcelona, España:
Juventud,
1959.
|
| Edizione: | Segunda edición. |
| Serie: | Clásicos y modernos.
|
| Soggetti: | |
| Tags: |
Aggiungi Tag
Nessun Tag, puoi essere il primo ad aggiungerne!!
|
MARC
| LEADER | 00000nam a22000007a 4500 | ||
|---|---|---|---|
| 003 | CL-VaPUC | ||
| 005 | 20220822114624.0 | ||
| 008 | 220714t1959 ||||| |||| 00| 0 eng d | ||
| 999 | |c 437046 |d 437044 | ||
| 040 | |c Pontificia Universidad Católica de Valparaíso | ||
| 082 | |2 22 |a A834 ZWE 1959 | ||
| 100 | |9 523157 |a Zweig, Stefan |e autor | ||
| 245 | |a Obras completas. | ||
| 250 | |a Segunda edición. | ||
| 260 | |a Barcelona, España: |b Juventud, |c 1959. | ||
| 300 | |a Volumen III y IV. | ||
| 490 | |a Clásicos y modernos. | ||
| 500 | |a c.1 Volumen III: Donación Familia Prof. Alejandro Guzmán Brito c.1 Volumen IV: Donación Familia Prof. Alejandro Guzmán Brito. | ||
| 505 | |a v.III: Biografías. v.IV: Memorias y ensayos. | ||
| 583 | |c 20220714 |k Yessy Sthefany Diaz Vidal | ||
| 650 | 0 | |9 334011 |a Ensayos austriacos | |
| 650 | 0 | |9 269443 |a Novelas austriacas | |
| 650 | 0 | |9 334012 |a Literatura austríaca | |
| 942 | |2 ddc |c BK |n 0 | ||
| 952 | |0 0 |1 0 |2 ddc |4 0 |6 A_834_000000000000000_ZWE_1959 |7 0 |8 C_AGB |9 584789 |a BIBDER |b BIBDER |d 2022-07-14 |e Donación |h v.IV |i 5652825 |o A834 ZWE 1959 |p 5652825 |r 2023-01-25 |t 1 |w 2022-07-14 |y BK_US |k AGB | ||
| 952 | |0 0 |1 0 |2 ddc |4 0 |6 A_834_000000000000000_ZWE_1959 |7 0 |8 C_AGB |9 584804 |a BIBDER |b BIBDER |d 2022-07-14 |e Donación |h v.III |i 5652829 |o A834 ZWE 1959 |p 5652829 |r 2023-01-25 |t 1 |w 2022-07-14 |y BK_US |k AGB | ||